000 00561nam a2200193Ia 4500
005 20260429112032.0
008 260429s9999||||xx |||||||||||||| ||und||
020 _a9781032396804
041 _aEnglish
082 _a330
_bGOR
100 _aGordon, Cameron Elliott
245 0 _aTransport economics :
_ban institutional, policy, and human factors approach /
_cCameron Elliott Gordon
250 _a1st ed.
260 _aUnited Kingdom :
_bRoutledge,
_c2026.
300 _axxxiii, 430 p.; pbk
650 _a Transport
650 _aEconomics
942 _cTB
999 _c52006
_d52006